Directores y direcciones... de escuela /

Guardado en:
Autor Principal: Fasce, Jorge
Otros Autores: Kotin María Alejandra / García, Guillermo
Formato: Libro
Publicado: Buenos Aires : Miño y Dávila, 1993.
Materias:
Etiquetas: Agregar Etiqueta
Sin Etiquetas, Sea el primero en etiquetar este registro!
LEADER 00958nam a22002415a 4500
001 CEM.cems008579
008 130507s1993##################000#0#####d
005 20210928163803.0
003 CEMS
245 1 0 |a Directores y direcciones... de escuela / 
260 |a Buenos Aires :  |b Miño y Dávila,  |c 1993. 
300 |a 207 p. 
505 0 |a I: Testimonios. II: Los quehaceres, por J. Fasce. III: Los roles directivos y la variable de la historia institucional, por S. Nicastro. IV: Para construir el rol directivo, por G. Garc¡a.- 
100 1 |a Fasce, Jorge 
700 1 |a Kotin María Alejandra / García, Guillermo 
082 0 4 |a 371.2 
653 |a Administracion escolar 
653 |a Educacion 
653 |a Rol directivo 
859 |a CEMS  |b BIB. CEMS - 11 de abril  |h 371.2  |i F261  |p 18034.94  |t Ej.1 
859 |a CEMS  |b BIB. CEMS - 11 de abril  |h 371.2  |i F261  |p 19453.97  |t Ej.2 
859 |a CEMS  |b BIB. CEMS - 11 de abril  |h 371.2  |i F261  |p 20076.98  |t Ej.3 
859 |a CEMS  |b BIB. CEMS